Dones : els camins de llibertat : Museu d'Història de Catalunya, 17 d'abril - 20 de juliol de 2008 / [coordinació: Rosa Creixell, Margarida Sala] els camins de llibertat :
ISBN:
978-84-393-7727-6
Publicado:
Barcelona :
Generalitat de Catalunya. Departament de Cultura i Mitjans de Comunicació ,
2008
Descripción Física:
207 p. : il., fot. ; 30 cm
Colección:
Cultura. Museus
MARC
| LEADER | 00000nam a2200000Ia 4500 | ||
|---|---|---|---|
| 001 | 20475 | ||
| 008 | 160829s2008 xx 000 0 cat d | ||
| 020 | |a 978-84-393-7727-6 | ||
| 080 | |a B-2-150 | ||
| 245 | |a Dones : |b els camins de llibertat : |b Museu d'Història de Catalunya, 17 d'abril - 20 de juliol de 2008 / [coordinació: |b Rosa Creixell, Margarida Sala] | ||
| 260 | |a Barcelona : |b Generalitat de Catalunya. Departament de Cultura i Mitjans de Comunicació, |c 2008 | ||
| 300 | |a 207 p. : |b il., fot. ; |c 30 cm | ||
| 490 | |a Cultura. Museus | ||
| 590 | |a Bibliografia | ||
| 650 | |a Dones |x Història |x S. XVIII-XX |x Exposicions |9 45722 | ||
| 650 | |a Dones |x Condicions socials |x S. XVIII-XX |x Exposicions |9 45723 | ||
| 710 | 1 | |a Catalunya. |b Departament de Cultura i Mitjans de Comunicació |9 55890 | |
| 901 | |a Arxiu | ||
| 942 | |n 1 | ||
| 952 | |0 0 |1 0 |4 0 |6 B2150 |7 1 |9 52776 |a Arxiu |b Arxiu |d 2016-12-01 |l 0 |o B-2-150 |p 20475 |r 2016-12-01 00:00:00 |w 2016-12-01 |y ARXIU | ||
| 999 | |c 56625 |d 56625 | ||